Place these sporting events in chronological order - Statistics

General Stats
  • This quiz has been taken 28 times
  • The average score is 9 of 11
Answers on the Map
Answers color-coded by a green-red scale on the quiz's map according to % correct below.
 
Answer Stats
Answer % Correct
Michael Phelps wins 8 gold medals at the Beijing Olympics
90%
Jesse Owens wins the 100m dash at the Berlin Olympics
90%
First modern Olympic Games
90%
Maradona's "Hand of God" Goal
90%
Leicester wins the Premier League
85%
Muhammad Ali beats George Foreman in Kinshasa
85%
Rugby becomes a professional sport
70%
Longest tennis match in history
70%
First Super Bowl
70%
First Tour de France
65%
First international football (soccer) match
60%
No matching quizzes found
Score Distribution
Percent of People with Each Score
Percentile by Number Answered
Your Score History
You have not taken this quiz